000 00492nam a2200157 4500
001 111802
003 ES-MaACL
007 t|
008 061121s1962 sp r ||||1| spa d
100 1 _aNeuss, Wilhelm.
_985459
245 1 3 _aLa Iglesia en la Edad Moderna y en la actualidad /
_cWilhelm Neuss; [traducción de Lucio García Ortega].
260 _aMadrid :
_bRialp,
_c1962.
300 _a695 p. ;
_c25 cm.
700 1 _aGarcía Ortega, Lucio.
_955061
852 _aES-MaACL
_jE-4150
_bR.50706
999 _c111802
_d111802